=LDR 00000nam 2200000 4500 =001 INLIS000000000027347 =005 20130612125729 =008 ***********************************Ind** =035 ##$$0010-061300000027347 =041 ##$$a Ind =082 ##$$a 155.5 =090 ##$$a 155.5, Yum o =100 ##$$a Yumadiati,Alia =245 ##$$a Optimis aja fren, Alia yumadiati,Didik hermawan =260 ##$$a 2005 $b Solo =300 ##$$a 135 hlm, ilus, 15 cm =650 ##$$a Psikologi remaja =700 ##$$a Hermawan,Didik =850 ##$$a NBPNMAT